[Event "III Weekend INPS"]
[Site "Roma ITA"]
[Date "1998.04.??"]
[Round "6"]
[White "Corvi, Marco"]
[Black "Gardon, Ermanno"]
[Result "1-0"]
[WhiteElo "2320"]
[BlackElo "1818"]
[PlyCount "97"]
[EventDate "1998.04.??"]

1. c4 c5 2. Nc3 Nc6 3. Nf3 g6 4. g3 Bg7 5. Bg2 e6 6. O-O Nge7 7. d3 O-O 8. Bg5
f6 9. Bd2 d5 10. cxd5 Nxd5 11. Rc1 Nde7 12. a3 Rb8 13. Na4 b6 14. b4 cxb4 15.
axb4 Bd7 16. Qb3 Kh8 17. Rc2 Qe8 18. Nb2 Nf5 19. e3 a5 20. Ra1 Rf7 21. Nc4 Bf8
22. g4 Nd6 23. Nxd6 Bxd6 24. bxa5 bxa5 25. Qa2 Nb4 26. Bxb4 axb4 27. Qb2 Bb5
28. Bf1 Kg8 29. Nd2 Qd8 30. Nc4 Bf8 31. Qb3 Qd5 32. Bg2 Qg5 33. h3 h5 34. Nd2
Qe5 35. d4 Qd6 36. Ne4 Qd7 37. Nc5 Bxc5 38. Rxc5 hxg4 39. hxg4 Qd6 40. Qxb4 Bc6
41. Qc4 Bxg2 42. Kxg2 Qd7 43. Rc6 Re7 44. Raa6 Qb7 45. d5 exd5 46. Qxd5+ Kg7
47. Qf3 Rf8 48. Rab6 Qd7 49. Rxf6 1-0

[Event "III Weekend INPS"]
[Site "Roma ITA"]
[Date "1998.04.??"]
[Round "6"]
[White "De Vita, Igor"]
[Black "Terreni, Fabio"]
[Result "1-0"]
[WhiteElo "2125"]
[BlackElo "1708"]
[PlyCount "127"]
[EventDate "1998.04.??"]

1. e4 e5 2. Nf3 Nc6 3. Bc4 Be7 4. O-O Nf6 5. Re1 d6 6. h3 O-O 7. Nc3 h6 8. d4
a6 9. a4 Kh8 10. dxe5 dxe5 11. Qxd8 Bxd8 12. Be3 Be6 13. Bc5 Re8 14. Bd5 Nd7
15. Bxc6 bxc6 16. Ba3 Be7 17. Bxe7 Rxe7 18. Re3 f6 19. Nd1 a5 20. Rc3 Ra6 21.
Nd2 Rb6 22. b3 Nf8 23. Ne3 Rd7 24. Rd1 Kg8 25. f3 Kf7 26. Kf2 Ra6 27. Rc5 Rd8
28. Ke1 Nd7 29. Rc3 Nf8 30. Ndc4 Rxd1+ 31. Kxd1 Bxc4 32. Rxc4 Ne6 33. Nf5 h5
34. Rc3 Nf4 35. Ne3 g6 36. Rc5 Ne6 37. Rc3 Nf4 38. h4 Ke7 39. g3 Ne6 40. Nc4
Ra8 41. Nb2 Ra6 42. Ke2 Ra8 43. Ke3 Ra6 44. Nd3 Rb6 45. Nc5 Nxc5 46. Rxc5 Ra6
47. Rc3 Rb6 48. Kd3 Kd6 49. Ke3 Rb4 50. Rd3+ Ke7 51. Kd2 c5 52. Rd5 Rd4+ 53.
Rxd4 cxd4 54. Kd3 Kd6 55. Kc4 Kc6 56. g4 Kd6 57. gxh5 gxh5 58. Kb5 c6+ 59. Kb6
Kd7 60. Kxa5 Kc7 61. Ka6 c5 62. Kb5 c4 63. Kxc4 Kc6 64. b4 1-0

[Event "III Weekend INPS"]
[Site "Roma ITA"]
[Date "1998.04.??"]
[Round "6"]
[White "Gaspero, Mario"]
[Black "Ciampi, Vincenzo"]
[Result "0-1"]
[WhiteElo "1785"]
[BlackElo "2155"]
[PlyCount "86"]
[EventDate "1998.04.??"]

1. e4 c5 2. Nf3 e6 3. d4 cxd4 4. Nxd4 a6 5. Nc3 Qc7 6. Be3 Nf6 7. Bd3 b5 8. a3
Bb7 9. O-O h5 10. f3 Bc5 11. Qd2 Nc6 12. Nb3 Bd6 13. f4 Ng4 14. e5 Be7 15. Bc5
Bxc5+ 16. Nxc5 Ncxe5 17. Nxe6 dxe6 18. fxe5 Qc5+ 19. Kh1 Qxe5 20. Qf4 O-O-O 21.
Rae1 Qxf4 22. Rxf4 Rhf8 23. h3 Nf6 24. Re5 Bc6 25. a4 Nd5 26. Nxd5 exd5 27.
axb5 axb5 28. Rxh5 g6 29. Rh7 f5 30. Rb4 Rde8 31. Bxb5 Re1+ 32. Kh2 Bxb5 33.
Rxb5 Re2 34. Ra7 Rf6 35. Rc5+ Kb8 36. Ra3 Rb6 37. b3 f4 38. Kg1 Rbe6 39. Ra4
R6e4 40. Ra6 g5 41. Rf6 Re1+ 42. Kh2 Rd4 43. Rf5 Rdd1 0-1

[Event "III Weekend INPS"]
[Site "Roma ITA"]
[Date "1998.04.??"]
[Round "6"]
[White "Iatrino, Vincenzo"]
[Black "Simeoni, Matteo"]
[Result "0-1"]
[WhiteElo "1740"]
[BlackElo "2035"]
[PlyCount "136"]
[EventDate "1998.04.??"]

1. e4 c5 2. Nf3 d6 3. d4 cxd4 4. Nxd4 Nf6 5. Nc3 a6 6. Bg5 e6 7. f4 Be7 8. Qf3
Qc7 9. O-O-O Nbd7 10. Bd3 b5 11. a3 Rb8 12. Nce2 b4 13. axb4 Rxb4 14. c3 Rb8
15. g4 Qb6 16. Rd2 Nc5 17. Ng3 h6 18. Bxf6 Bxf6 19. Bc4 Qa5 20. Rc2 Qc7 21. Qe2
e5 22. fxe5 Bg5+ 23. Kb1 dxe5 24. Ndf5 g6 25. Ne3 Bxe3 26. Qxe3 Bxg4 27. Rf1
Be6 28. Bxe6 Nxe6 29. Qf3 Qe7 30. Rd2 O-O 31. h4 Qxh4 32. Rh1 Qf4 33. Qg2 Qg5
34. Qh2 h5 35. Nf5 Qf4 36. Qg2 Ng5 37. Ne7+ Kg7 38. Re2 Qf3 39. Qh2 Qxc3 40.
Nd5 Qd3+ 41. Ka1 Nxe4 42. Qxe5+ f6 43. Qxe4 Qxe4 44. Rxe4 Rfd8 45. Nf4 Rd2 46.
b4 Kh6 47. Kb1 Rbd8 48. Ne6 Rd1+ 49. Rxd1 Rxd1+ 50. Kc2 Rd6 51. Kc3 g5 52. Nd4
Kg6 53. Kc4 g4 54. Kc5 Rd8 55. Nc6 Rd1 56. Ne7+ Kg5 57. Kb6 g3 58. Re2 Ra1 59.
Nd5 h4 60. Rg2 f5 61. Nc3 f4 62. Ne4+ Kg4 63. Rc2 f3 64. Kc5 g2 65. Nf2+ Kg3
66. Ne4+ Kf4 67. Nf2 Kg3 68. Ne4+ Kh2 0-1

[Event "III Weekend INPS"]
[Site "Roma ITA"]
[Date "1998.04.??"]
[Round "6"]
[White "Manzanilla, Rufino"]
[Black "De Vita, Gianni"]
[Result "0-1"]
[WhiteElo "1726"]
[BlackElo "2160"]
[PlyCount "108"]
[EventDate "1998.04.??"]

1. Nf3 Nf6 2. b4 d5 3. Bb2 Bf5 4. e3 c6 5. Be2 h6 6. O-O e6 7. a3 Nbd7 8. d4
Qc7 9. Nbd2 Bd6 10. h3 e5 11. dxe5 Nxe5 12. Nxe5 Bxe5 13. Bxe5 Qxe5 14. c4 O-O
15. Qb3 Rfd8 16. Nf3 Qe7 17. Nd4 Bg6 18. c5 Ne4 19. Rad1 a5 20. Bf3 axb4 21.
axb4 Ng5 22. Rfe1 Nxf3+ 23. Nxf3 Bh5 24. Rd4 Bxf3 25. gxf3 Qe5 26. f4 Qh5 27.
Kg2 Re8 28. Qd1 Qf5 29. Qg4 Qf6 30. Rg1 Ra2 31. Kf3 Ra3 32. Rgd1 Re6 33. h4 Qe7
34. h5 Rexe3+ 35. fxe3 Qxe3+ 36. Kg2 Ra2+ 37. Kh1 f5 38. R4d3 Qxd3 39. Rxd3
fxg4 40. Rd4 Kf7 41. f5 g3 42. Rg4 Rh2+ 43. Kg1 Rxh5 44. Rg6 Rxf5 45. Rd6 Ke7
46. Rg6 Kf8 47. Rd6 Re5 48. Kg2 Re2+ 49. Kxg3 Rb2 50. Kg4 Rxb4+ 51. Kf5 Ke7 52.
Re6+ Kf7 53. Rd6 g6+ 54. Rxg6 Rf4+ 0-1

[Event "III Weekend INPS"]
[Site "Roma ITA"]
[Date "1998.04.??"]
[Round "6"]
[White "Marta, Daniele"]
[Black "Scagliarini, Valentina"]
[Result "1/2-1/2"]
[WhiteElo "1888"]
[BlackElo "1762"]
[PlyCount "104"]
[EventDate "1998.04.??"]

1. d4 d5 2. c4 e6 3. Nc3 Nf6 4. Bg5 Nbd7 5. e3 Be7 6. Nf3 a6 7. Rc1 dxc4 8.
Bxc4 b5 9. Be2 Bb7 10. O-O O-O 11. a3 c5 12. dxc5 Nxc5 13. b4 Ncd7 14. Qb3 Nd5
15. Bxe7 Qxe7 16. Rfd1 N7f6 17. Nxd5 Bxd5 18. Qc3 Qb7 19. Qc7 Rac8 20. Qxb7
Bxb7 21. Ne5 Rfe8 22. Nd3 Rxc1 23. Rxc1 Rc8 24. Rxc8+ Bxc8 25. Nc5 Nd5 26. Kf1
Kf8 27. Ke1 Ke7 28. Kd2 h6 29. Kd3 Kd6 30. g3 Nb6 31. Kc3 Nd7 32. Nxd7 Bxd7 33.
f4 Bc6 34. a4 f6 35. Bd3 e5 36. a5 Bb7 37. Bf5 Kd5 38. Kd3 Kd6 39. h4 Kc7 40.
fxe5 fxe5 41. Be4 Bc8 42. Bd5 Kd6 43. Ba8 Kc7 44. Ke4 Kd6 45. Bd5 Bh3 46. Bf7
Bg4 47. Bg8 Bh3 48. Kf3 Bd7 49. Bf7 Bc8 50. Bg6 Be6 51. Ke4 Bd7 52. Kf3 Be6
1/2-1/2

[Event "III Weekend INPS"]
[Site "Roma ITA"]
[Date "1998.04.??"]
[Round "6"]
[White "Marzano, Carlo"]
[Black "Rossi De Gasperis, Pietro"]
[Result "1-0"]
[WhiteElo "2185"]
[BlackElo "1704"]
[PlyCount "85"]
[EventDate "1998.04.??"]

1. d4 e6 2. Nf3 f5 3. d5 exd5 4. Qxd5 Nf6 5. Qxf5 d5 6. Qe5+ Be7 7. Bf4 c5 8.
Qc7 Qxc7 9. Bxc7 Nc6 10. c3 O-O 11. e3 Bf5 12. Be2 Rac8 13. Bg3 Ne4 14. O-O
Nxg3 15. hxg3 Bf6 16. Rd1 Rcd8 17. Nbd2 Rfe8 18. Bb5 a6 19. Bf1 Bc2 20. Rdc1
Ba4 21. Rab1 Bb5 22. Bxb5 axb5 23. Nb3 b6 24. a3 Kf8 25. Rc2 Ne5 26. Nxe5 Rxe5
27. Rd1 h5 28. Kf1 h4 29. gxh4 Bxh4 30. Nd2 Rf5 31. Nf3 Bf6 32. Ke2 Rh5 33.
Rcd2 Ke7 34. g4 Rh3 35. g5 Rxf3 36. Kxf3 Bxg5 37. Rxd5 Rxd5 38. Rxd5 Bf6 39.
Ke4 b4 40. axb4 cxb4 41. cxb4 Ke6 42. f4 g6 43. b3 1-0

[Event "III Weekend INPS"]
[Site "Roma ITA"]
[Date "1998.04.??"]
[Round "6"]
[White "Micaloni, Mario"]
[Black "Spano' Cuomo, Gaetano"]
[Result "1-0"]
[WhiteElo "1705"]
[BlackElo "1866"]
[PlyCount "125"]
[EventDate "1998.04.??"]

1. e4 c5 2. Nf3 d6 3. d4 cxd4 4. Nxd4 e5 5. Nb3 Nf6 6. Bd3 Be7 7. O-O Bg4 8.
Qe1 Nc6 9. Be3 d5 10. f3 Be6 11. Nc5 d4 12. Nxe6 fxe6 13. Bd2 Bc5 14. b4 Bb6
15. a4 O-O 16. Na3 Nh5 17. a5 Bc7 18. Nb5 Rc8 19. Nxc7 Rxc7 20. b5 Nb8 21. Ra4
Qe8 22. Qh4 Nf4 23. Bxf4 Rxf4 24. Qh3 Rcf7 25. Rc4 Nd7 26. Rb1 Qe7 27. Rc7 R7f6
28. b6 axb6 29. Bb5 Qa3 30. Rxd7 Qe3+ 31. Kh1 Rh6 32. Qg3 Rg6 33. Rd8+ Kf7 34.
Be8+ Ke7 35. Bxg6 Kxd8 36. Bxh7 d3 37. cxd3 Qxd3 38. Qe1 Ke8 39. Qb4 Rxf3 40.
Qxb6 Rf6 41. Rc1 Rf1+ 42. Rxf1 Qxf1+ 43. Qg1 Qa6 44. Bg6+ Ke7 45. Qe1 Kf6 46.
Bh5 Kg5 47. Be2 Qc6 48. h4+ Kf6 49. Bh5 Ke7 50. Qe3 Kd6 51. Bd1 Qb5 52. Qa3+
Kc7 53. Kh2 Kb8 54. Qf8+ Ka7 55. Qd8 Qf1 56. Qb6+ Ka8 57. Bf3 Qa1 58. Be2 Qa3
59. a6 Qe7 60. axb7+ Kb8 61. Kh3 g5 62. Qa6 g4+ 63. Bxg4 1-0

[Event "III Weekend INPS"]
[Site "Roma ITA"]
[Date "1998.04.??"]
[Round "6"]
[White "Monteleone, Antonio"]
[Black "Piancatelli, Marco"]
[Result "1-0"]
[WhiteElo "2165"]
[BlackElo "1822"]
[PlyCount "97"]
[EventDate "1998.04.??"]

1. d4 Nf6 2. c4 e6 3. Nc3 c5 4. d5 exd5 5. cxd5 d6 6. e4 g6 7. f4 Bg7 8. Bb5+
Nfd7 9. a4 O-O 10. Nf3 a6 11. Bd3 Qc7 12. O-O Re8 13. h3 b5 14. axb5 Nb6 15.
Re1 N8d7 16. bxa6 c4 17. Bf1 Rxa6 18. Rb1 Nc5 19. Nd4 Bd7 20. Kh1 Ra5 21. Re3
Nca4 22. Nxa4 Bxa4 23. Qd2 Raa8 24. Ra1 Qc5 25. Ne2 Bb3 26. Rxa8 Rxa8 27. Nc3
Na4 28. Re1 Nxc3 29. bxc3 Ra2 30. Bb2 f6 31. Ra1 Qa5 32. Rxa2 Qxa2 33. Qc1 Bh6
34. g3 Qa7 35. Kg2 Qe7 36. Qe3 f5 37. e5 dxe5 38. Qxe5 Qxe5 39. fxe5 Bg7 40. e6
Bf8 41. Bc1 Kg7 42. Be3 Bd6 43. Bf4 Bxf4 44. gxf4 Kf6 45. Kf3 Ke7 46. Ke3 Kd6
47. Kd4 h6 48. h4 Ba2 49. Bxc4 1-0

[Event "III Weekend INPS"]
[Site "Roma ITA"]
[Date "1998.04.??"]
[Round "6"]
[White "Picciotti, Francesco"]
[Black "Scacco, Mauro"]
[Result "0-1"]
[WhiteElo "1600"]
[BlackElo "2050"]
[PlyCount "61"]
[EventDate "1998.04.??"]

1. e4 e5 2. Nc3 Bc5 3. Bc4 Nc6 4. d3 Nf6 5. f4 d6 6. Nf3 a6 7. a4 O-O 8. h3 h6
9. Qe2 Nh5 10. Rh2 exf4 11. Nd5 g5 12. d4 Ng3 13. Qd3 Bxd4 14. Nxd4 Ne5 15. Qb3
Nxe4 16. Bd2 c6 17. Nc3 Nc5 18. Qa2 Qf6 19. O-O-O Bd7 20. b4 b5 21. Be2 Nxa4
22. Nxa4 bxa4 23. h4 c5 24. hxg5 hxg5 25. Nf3 Ng4 26. Rh5 Rfe8 27. Rxg5+ Kf8
28. Bc4 Rab8 29. bxc5 Nf2 30. Rf1 Ne4 31. Rh5 0-1

[Event "III Weekend INPS"]
[Site "Roma ITA"]
[Date "1998.04.??"]
[Round "6"]
[White "Pierangeli, Andrea"]
[Black "Barletta, Antonio"]
[Result "0-1"]
[WhiteElo "1810"]
[BlackElo "1866"]
[PlyCount "112"]
[EventDate "1998.04.??"]

1. e4 e5 2. Nf3 Nc6 3. Bb5 f5 4. d3 fxe4 5. dxe4 Nf6 6. Nc3 Bb4 7. O-O Bxc3 8.
bxc3 O-O 9. Qe2 d6 10. h3 Kh8 11. a4 Ne7 12. Bg5 h6 13. Bxf6 Rxf6 14. Rfd1 Ng6
15. Kh2 Qf8 16. Ng1 Nf4 17. Qe3 Be6 18. Rd2 Qf7 19. Rb1 b6 20. Bf1 a5 21. g3
Ng6 22. h4 Rf8 23. Kg2 Kh7 24. Bd3 Kh8 25. Rf1 Bd7 26. Ra1 Qe8 27. Kf1 Bxa4 28.
Ke1 Bd7 29. f3 Ne7 30. Rf2 Bb5 31. c4 Bd7 32. Kd2 Qf7 33. Raf1 Be6 34. Kc3 Qe8
35. f4 Qa4 36. Rb1 Qa3+ 37. Kd2 Bg4 38. Ne2 Bxe2 39. Kxe2 Nc6 40. f5 Qc5 41.
Rb5 Nd4+ 42. Kd2 Nxb5 43. Qxc5 bxc5 44. cxb5 h5 45. Rf1 g6 46. Ra1 gxf5 47.
Rxa5 f4 48. Ra7 fxg3 49. Ra1 Rf2+ 50. Kc3 g2 51. Rg1 R8f4 52. Kc4 Rxh4 53. Kd5
Rh1 54. Rxg2 Rxg2 55. b6 cxb6 56. Kxd6 Rg5 0-1

[Event "III Weekend INPS"]
[Site "Roma ITA"]
[Date "1998.04.??"]
[Round "6"]
[White "Quimi, Marco"]
[Black "Ferretti, Folco"]
[Result "1/2-1/2"]
[WhiteElo "2225"]
[BlackElo "2270"]
[PlyCount "122"]
[EventDate "1998.04.??"]

1. e4 c6 2. d4 d5 3. e5 c5 4. dxc5 Nc6 5. Bf4 e6 6. Qg4 Nge7 7. Nc3 Ng6 8. Nf3
Bxc5 9. Bg3 h5 10. Qa4 h4 11. Bf4 Bd7 12. Bg5 Qb6 13. O-O-O Nd4 14. Nxd4 Bxa4
15. Nxa4 Qa5 16. Bb5+ Kf8 17. Nxc5 Qxa2 18. c3 Nxe5 19. Kc2 Nc4 20. Na4 Na3+
21. Kd2 Nxb5 22. Ra1 Qc4 23. b3 Qc8 24. Nxb5 Qd7 25. Nxa7 Re8 26. Nb6 Qd6 27.
Be3 d4 28. Bxd4 e5 29. Nb5 Qc6 30. Na7 Qxg2 31. Nd7+ Kg8 32. Nf6+ gxf6 33. Rhg1
h3 34. Be3 Rd8+ 35. Ke2 Kf8 36. Rxg2 hxg2 37. Kf3 Rxh2 38. Rg1 Ke7 39. Rxg2
Rxg2 40. Kxg2 Rd3 41. Nb5 f5 42. b4 f4 43. Ba7 Ke6 44. c4 Kf5 45. f3 Rd2+ 46.
Kf1 Ke6 47. Bf2 f5 48. Nc7+ Kf6 49. c5 e4 50. Ne8+ Ke5 51. Nd6 Rd1+ 52. Ke2 Rb1
53. Be1 Kd5 54. Nxf5 Rb2+ 55. Kf1 exf3 56. Ne7+ Ke4 57. c6 bxc6 58. Nxc6 Ke3
59. Ne5 Rb1 60. Ng4+ Ke4 61. Nf6+ Kd4 1/2-1/2

[Event "III Weekend INPS"]
[Site "Roma ITA"]
[Date "1998.04.??"]
[Round "6"]
[White "Ridolfi, Raffaele"]
[Black "D'Andrea, Stefano"]
[Result "1-0"]
[WhiteElo "1786"]
[BlackElo "1663"]
[PlyCount "81"]
[EventDate "1998.04.??"]

1. d4 Nf6 2. c4 c5 3. d5 b5 4. cxb5 a6 5. e3 g6 6. Nc3 Bg7 7. Nf3 d6 8. bxa6
O-O 9. Be2 Bxa6 10. O-O Qb6 11. e4 Nbd7 12. Bxa6 Qxa6 13. Qc2 Rfb8 14. Nd2 Ng4
15. Nf3 Nge5 16. Nxe5 Nxe5 17. Rd1 c4 18. Be3 Nd3 19. Rdb1 Qa5 20. Bd2 Bd4 21.
Nd1 Qc5 22. Be3 Nb4 23. Qd2 Nd3 24. Bxd4 Qxd4 25. Qe3 Qf6 26. Qd2 Qd4 27. Qe3
Qe5 28. b3 cxb3 29. Qxd3 b2 30. Nxb2 Rxb2 31. a4 Rb4 32. a5 Rxe4 33. a6 Rd4 34.
Qb3 Rxd5 35. Qb7 Rf8 36. a7 Ra5 37. Rxa5 Qxa5 38. Qb8 Qa2 39. Rc1 Kg7 40. g3
Qd5 41. Qxf8+ 1-0

[Event "III Weekend INPS"]
[Site "Roma ITA"]
[Date "1998.04.??"]
[Round "6"]
[White "Rossetti, Mauro"]
[Black "Cerasi, Umberto"]
[Result "1-0"]
[WhiteElo "1912"]
[BlackElo "1920"]
[PlyCount "73"]
[EventDate "1998.04.??"]

1. e4 c6 2. d4 d5 3. exd5 cxd5 4. c4 Nf6 5. Nc3 g6 6. Be3 Bg7 7. Nf3 O-O 8. Bd3
dxc4 9. Bxc4 e6 10. Ne5 Nbd7 11. Qe2 Nxe5 12. dxe5 Nd5 13. Bd2 Nb4 14. O-O Nc2
15. Rad1 Nd4 16. Qe4 Nc6 17. Bh6 Qc7 18. Bxg7 Kxg7 19. Rfe1 a6 20. Qf4 b5 21.
Bb3 Bb7 22. Qf6+ Kg8 23. h4 Rad8 24. h5 Rxd1 25. Bxd1 Qe7 26. hxg6 hxg6 27. Qf4
Kg7 28. Bf3 Rd8 29. Rd1 Rxd1+ 30. Nxd1 Na5 31. Bxb7 Nxb7 32. Ne3 g5 33. Qg3 Kg6
34. Ng4 Nc5 35. Nf6 Qf8 36. b4 Na4 37. Qd3+ 1-0

[Event "III Weekend INPS"]
[Site "Roma ITA"]
[Date "1998.04.??"]
[Round "6"]
[White "Simeone, Giulio"]
[Black "Farina, Saverio"]
[Result "0-1"]
[WhiteElo "1717"]
[BlackElo "2200"]
[PlyCount "80"]
[EventDate "1998.04.??"]

1. c4 e6 2. e4 d5 3. cxd5 exd5 4. exd5 Nf6 5. Bb5+ Nbd7 6. Nc3 Be7 7. Nge2 O-O
8. Bxd7 Qxd7 9. Qb3 b6 10. O-O Bb7 11. Nf4 Rad8 12. Qc4 Rfe8 13. d3 Nxd5 14.
Ncxd5 Bxd5 15. Nxd5 Qxd5 16. Qxc7 Rd7 17. Qc4 Qxd3 18. Qxd3 Rxd3 19. Be3 Bf6
20. Rab1 g6 21. Rfe1 Red8 22. Kf1 Bd4 23. Bg5 f6 24. Bh6 Bc5 25. b4 Bd6 26. h3
Kf7 27. Be3 Be5 28. Ke2 Ke6 29. Rbd1 Rxd1 30. Rxd1 Rxd1 31. Kxd1 Kd5 32. Kc2
Kc4 33. a3 Bd4 34. Bxd4 Kxd4 35. Kb3 b5 36. a4 a6 37. g4 g5 38. axb5 axb5 39.
f3 Kd3 40. Ka3 Kc4 0-1

[Event "III Weekend INPS"]
[Site "Roma ITA"]
[Date "1998.04.??"]
[Round "6"]
[White "Tomescu, Vlad"]
[Black "Ortega, Lexy"]
[Result "1/2-1/2"]
[WhiteElo "2415"]
[BlackElo "2475"]
[PlyCount "127"]
[EventDate "1998.04.??"]

1. e4 c5 2. Nf3 d6 3. d4 cxd4 4. Qxd4 Nc6 5. Bb5 Bd7 6. Bxc6 Bxc6 7. Nc3 Nf6 8.
Bg5 e6 9. O-O-O Be7 10. Qd3 Qa5 11. h4 h6 12. Bd2 Qa6 13. Nd4 Qxd3 14. cxd3 Ng4
15. Rdf1 Bd7 16. f3 Ne5 17. Kc2 Rc8 18. Be3 b5 19. Kd2 b4 20. Nce2 a6 21. h5
Bf6 22. Rc1 Ke7 23. Rxc8 Rxc8 24. Rc1 Rxc1 25. Nxc1 g6 26. hxg6 fxg6 27. Ncb3
g5 28. Nc2 Ng6 29. Nxb4 Nh4 30. Nxa6 Bxb2 31. Nb4 Nxg2 32. Bd4 Bxd4 33. Nxd4 h5
34. Ke2 Nf4+ 35. Kf2 Ba4 36. Ne2 Nxe2 37. Kxe2 Kd7 38. d4 Kc7 39. Ke3 h4 40.
Nd3 h3 41. Kf2 Bd1 42. Kg3 h2 43. Nf2 Kb6 44. Kxh2 Bxf3 45. Kg3 g4 46. e5 dxe5
47. dxe5 Kb5 48. Nxg4 Bd5 49. a3 Ka4 50. Ne3 Bb3 51. Kf4 Kxa3 52. Kg5 Kb4 53.
Kf6 Kc5 54. Ng2 Kc6 55. Nf4 Kd7 56. Ng6 Ke8 57. Nf4 Kd7 58. Kf7 Bc4 59. Ng6 Ba2
60. Nf8+ Kd8 61. Kf6 Ke8 62. Nxe6 Kd7 63. Nc5+ Kc6 64. Ne4 1/2-1/2

[Event "III Weekend INPS"]
[Site "Roma ITA"]
[Date "1998.04.??"]
[Round "6"]
[White "Vigile, Matteo"]
[Black "Di Lascio, Savino"]
[Result "0-1"]
[WhiteElo "1774"]
[BlackElo "1864"]
[PlyCount "62"]
[EventDate "1998.04.??"]

1. e4 c6 2. d4 d5 3. Nc3 dxe4 4. Nxe4 Nf6 5. Nxf6+ gxf6 6. c3 Bf5 7. Nf3 Nd7 8.
Bd3 Bxd3 9. Qxd3 Qc7 10. Be3 O-O-O 11. O-O-O e6 12. Nd2 f5 13. Qc2 f4 14. g3
fxe3 15. fxe3 Bh6 16. e4 Nb6 17. Kb1 e5 18. Nf3 f6 19. Qg2 Kb8 20. Nh4 Nc4 21.
Nf5 Ne3 22. Nxe3 Bxe3 23. d5 cxd5 24. exd5 Rd6 25. Qe4 Bb6 26. c4 Rc8 27. Rc1
Bd4 28. b4 Qb6 29. a3 Rd7 30. Ka2 Rdc7 31. c5 Rxc5 0-1

[Event "III Weekend INPS"]
[Site "Roma ITA"]
[Date "1998.04.??"]
[Round "7"]
[White "Barletta, Antonio"]
[Black "Micaloni, Mario"]
[Result "1/2-1/2"]
[WhiteElo "1866"]
[BlackElo "1705"]
[PlyCount "114"]
[EventDate "1998.04.??"]

1. e4 c5 2. Nf3 d6 3. Bb5+ Bd7 4. Bxd7+ Qxd7 5. c4 g6 6. O-O Bg7 7. d4 cxd4 8.
Nxd4 Nc6 9. Be3 Rc8 10. Nc3 Nf6 11. f3 h5 12. Qd2 O-O 13. b3 a6 14. Rad1 b5 15.
cxb5 Nxd4 16. Bxd4 axb5 17. Rc1 Rc6 18. a4 bxa4 19. Nxa4 Rb8 20. Rxc6 Qxc6 21.
Rb1 Nxe4 22. fxe4 Qxe4 23. Rd1 Rxb3 24. Bxg7 Kxg7 25. Nc3 Qe5 26. Rc1 Qc5+ 27.
Kh1 Qb4 28. Qa2 f6 29. Nd5 Qb7 30. Nxe7 h4 31. Qc2 f5 32. Qc4 Rb1 33. Qg8+ Kf6
34. Qxg6+ Kxe7 35. Qg5+ Ke6 36. Qg6+ Ke5 37. Qe8+ Kf4 38. Qa4+ Kg5 39. Qd1 h3
40. Qd2+ f4 41. Rg1 Rxg1+ 42. Kxg1 Qb1+ 43. Kf2 Qb7 44. gxh3 Qb6+ 45. Kf3 Qc6+
46. Kf2 Qc5+ 47. Kf3 Qa3+ 48. Kf2 Qxh3 49. Qd5+ Kh4 50. Qxd6 Qxh2+ 51. Kf1 Qh3+
52. Kf2 Qg3+ 53. Kf1 Qf3+ 54. Kg1 Qe3+ 55. Kf1 Kh3 56. Qh6+ Kg3 57. Qg5+ Kh3
1/2-1/2

[Event "III Weekend INPS"]
[Site "Roma ITA"]
[Date "1998.04.??"]
[Round "7"]
[White "Cerasi, Umberto"]
[Black "Picciotti, Francesco"]
[Result "1/2-1/2"]
[WhiteElo "1920"]
[BlackElo "1600"]
[PlyCount "86"]
[EventDate "1998.04.??"]

1. e4 c5 2. Nf3 e6 3. c3 Nf6 4. e5 Nd5 5. d4 cxd4 6. cxd4 d6 7. Bd3 Be7 8. O-O
Nc6 9. a3 O-O 10. Nc3 dxe5 11. dxe5 Nxc3 12. bxc3 Qc7 13. Qe2 b6 14. Re1 Bb7
15. Ng5 Bxg5 16. Bxg5 Nxe5 17. Qxe5 Qxe5 18. Rxe5 f6 19. Bxf6 Rxf6 20. Bc4 Kf7
21. Rd1 Re8 22. Rd4 Rg6 23. f3 Kf6 24. Rh5 h6 25. Kf2 Ke7 26. Re5 Kf6 27. Re3
Ke7 28. Red3 Bc6 29. Re3 Rc8 30. h4 Bb7 31. h5 Rf6 32. Rg4 Kf7 33. Rd3 Rc7 34.
Rgd4 Ke7 35. Bb5 Bc8 36. Rd8 Rf5 37. Be8 Rf4 38. Bg6 Rfc4 39. Re8+ Kf6 40. Rdd8
Bb7 41. Rf8+ Ke7 42. Rfe8+ Kf6 43. Rf8+ Ke7 1/2-1/2

[Event "III Weekend INPS"]
[Site "Roma ITA"]
[Date "1998.04.??"]
[Round "7"]
[White "Chiaretti, Roberto"]
[Black "Iatrino, Vincenzo"]
[Result "1-0"]
[WhiteElo "2180"]
[BlackElo "1740"]
[PlyCount "93"]
[EventDate "1998.04.??"]

1. d4 e6 2. c4 c5 3. d5 Qb6 4. Nc3 e5 5. e4 d6 6. Bd3 Nf6 7. Qc2 Bg4 8. f3 Bh5
9. g4 Bg6 10. h4 h5 11. g5 Nfd7 12. Nge2 Be7 13. O-O Na6 14. a3 O-O-O 15. Be3
Rdf8 16. Ng3 f6 17. Nf5 Bxf5 18. exf5 fxg5 19. hxg5 Qd8 20. Qd2 h4 21. Kh2 Rh5
22. Rg1 Rfh8 23. f6 gxf6 24. Bg6 Rxg5 25. Bxg5 fxg5 26. Bf5 Kc7 27. b4 Rg8 28.
Ne4 Nb6 29. Qc3 Qf8 30. Bg4 Qf4+ 31. Kh1 Kb8 32. Rgd1 Rd8 33. Rab1 Nd7 34. Qd3
Nf6 35. Nxf6 Bxf6 36. Qe4 Qg3 37. b5 Nc7 38. Rb2 Ne8 39. Re2 Ng7 40. a4 Rf8 41.
a5 Bd8 42. Qg6 Ne8 43. Qe6 Qxg4 44. Qxg4 Nf6 45. Qe6 Kc7 46. b6+ axb6 47. axb6+
1-0

[Event "III Weekend INPS"]
[Site "Roma ITA"]
[Date "1998.04.??"]
[Round "7"]
[White "Corvi, Marco"]
[Black "Tomescu, Vlad"]
[Result "0-1"]
[WhiteElo "2320"]
[BlackElo "2415"]
[PlyCount "108"]
[EventDate "1998.04.??"]

1. c4 e5 2. Nc3 Nc6 3. Nf3 Nf6 4. e3 Be7 5. d4 d6 6. Be2 O-O 7. d5 Nb8 8. O-O
c6 9. e4 Nbd7 10. Ne1 Nc5 11. Qc2 a5 12. Be3 Nfd7 13. Rd1 g6 14. Nd3 Nxd3 15.
Bxd3 c5 16. g3 Bg5 17. f4 Bh6 18. Rde1 Nf6 19. Qg2 Qe7 20. Bc1 Kg7 21. b3 Bd7
22. a4 b6 23. Bb2 Ng8 24. Nb5 f6 25. Bc3 Kh8 26. Qb2 Bg7 27. f5 gxf5 28. exf5
Bxb5 29. axb5 Bh6 30. Be4 Qg7 31. Qc2 Ne7 32. Kg2 Rg8 33. Qd1 Bf4 34. Rf3 Qg4
35. Qc2 Rg7 36. Ref1 Qh4 37. R1f2 Rag8 38. Kf1 Qh3+ 39. Ke2 Bh6 40. Qd1 Rg4 41.
Qd3 Kg7 42. Kd1 Kf7 43. Kc2 Qh5 44. Kb2 Ra8 45. Ka3 Rgg8 46. Ka4 Qg5 47. Bd2
Qh5 48. g4 Qh4 49. Bxh6 Qxh6 50. Rh3 Qc1 51. Qb1 Qxb1 52. Bxb1 Rxg4 53. Rxh7+
Rg7 54. Rh3 Rag8 {...} 0-1

[Event "III Weekend INPS"]
[Site "Roma ITA"]
[Date "1998.04.??"]
[Round "7"]
[White "D'Andrea, Stefano"]
[Black "Pierangeli, Andrea"]
[Result "0-1"]
[WhiteElo "1663"]
[BlackElo "1810"]
[PlyCount "102"]
[EventDate "1998.04.??"]

1. e4 c5 2. Nc3 d6 3. f4 Bd7 4. Bc4 e6 5. Nf3 Be7 6. O-O Nc6 7. d3 a6 8. a4 Nd4
9. Nxd4 cxd4 10. Ne2 Bf6 11. Ng3 Ne7 12. Nh5 Nc6 13. Nxf6+ gxf6 14. Qh5 Ke7 15.
Qh4 Qg8 16. Rf3 h5 17. h3 Rh7 18. Bd2 Qh8 19. Raf1 Kd8 20. b4 Ne7 21. a5 Bc6
22. Qf2 f5 23. Qe1 Kd7 24. c3 Rg8 25. Kh1 Qg7 26. R1f2 Qg6 27. Re2 fxe4 28.
dxe4 Bxe4 29. Rff2 d5 30. Rxe4 dxe4 31. cxd4 Nd5 32. b5 Rc8 33. f5 Qf6 34.
fxe6+ Qxe6 35. Qe2 axb5 36. Bxb5+ Kc7 37. Bc4 Kb8 38. Bf4+ Ka8 39. Qa2 Rxc4 40.
Qxc4 Nxf4 41. Qc5 Nd3 42. Qf8+ Ka7 43. Rc2 e3 44. Re2 f5 45. Qa3 Qe4 46. Qc3 f4
47. Kg1 Rd7 48. a6 Qxd4 49. Qa5 bxa6 50. Ra2 Nb4 51. Ra4 e2+ 0-1

[Event "III Weekend INPS"]
[Site "Roma ITA"]
[Date "1998.04.??"]
[Round "7"]
[White "De Vita, Gianni"]
[Black "Catena, Marco"]
[Result "1-0"]
[WhiteElo "2160"]
[BlackElo "1723"]
[PlyCount "61"]
[EventDate "1998.04.??"]

1. e4 e6 2. d4 d5 3. exd5 exd5 4. Nf3 Bd6 5. Bd3 Nf6 6. O-O O-O 7. Re1 Bg4 8.
Bg5 Nbd7 9. Nbd2 c6 10. c4 h6 11. Bh4 Bb4 12. Re3 Re8 13. Nf1 g5 14. Bg3 Ne4
15. cxd5 cxd5 16. Qb3 Qa5 17. Ne5 Nxe5 18. Bxe5 Nd2 19. Nxd2 Bxd2 20. Rg3 Bc8
21. a3 f6 22. Bxf6 Bf4 23. Rf1 Bxg3 24. fxg3 Re1 25. Qc2 Rxf1+ 26. Bxf1 Kf7 27.
Be5 Qb6 28. Qh7+ Ke8 29. Bd3 Kf8 30. Qg7+ Ke8 31. Bg6+ 1-0

[Event "III Weekend INPS"]
[Site "Roma ITA"]
[Date "1998.04.??"]
[Round "7"]
[White "Di Lascio, Savino"]
[Black "Terreni, Fabio"]
[Result "1-0"]
[WhiteElo "1864"]
[BlackElo "1708"]
[PlyCount "79"]
[EventDate "1998.04.??"]

1. Nf3 Nf6 2. g3 g6 3. Bg2 Bg7 4. O-O O-O 5. d3 d6 6. Nbd2 e5 7. c3 Nc6 8. Qc2
Ne8 9. b4 a6 10. Rb1 Bd7 11. a4 Ne7 12. c4 f5 13. Bb2 Rb8 14. c5 Nc6 15. Nb3
Be6 16. Bc3 h6 17. Rfd1 Qe7 18. e4 f4 19. d4 Bg4 20. Rd3 g5 21. b5 axb5 22.
axb5 exd4 23. Nbxd4 Ne5 24. Nxe5 dxe5 25. Nb3 f3 26. h3 Bh5 27. Bf1 Qe6 28.
Rbd1 Nf6 29. Re3 Kh8 30. b6 cxb6 31. Rd6 Qe7 32. Rxb6 Nd7 33. Rb5 Qe6 34. Rd3
Rfc8 35. Qd1 Nf6 36. Rd6 Qe7 37. Qd3 Rf8 38. Rbb6 Qf7 39. Bxe5 Ne8 40. Rd7 1-0